Sociologie de Max Weber.

Guardado en:
Bibliografiske detaljer
Hovedforfatter: Freund, Julien (autor)
Format: Bog
Sprog:fransk
Serier:(Le sociologue ;
Fag:
Tags: Tilføj Tag
Ingen Tags, Vær først til at tagge denne postø!

MARC

LEADER 00000nam^a2200000^u^4500
001 000497363
005 20250521000000.0
008 070322s1000^^^^^^^^^^^^r^^^^^000^0^spa^d
009 20260310125633.148
035 |a FCE 000041056 
037 |a Acervo ITESO - Biblioteca 
041 |a FRA 
082 0 4 |a 082.1  |b SUP 2 
100 |a Freund, Julien  |e (autor) 
245 1 0 |a Sociologie de Max Weber. 
264 |a Paris :  |b Press University France,  |c 1968. 
300 |a 254 p. 
336 |a texto  |b txt  |2 rdacontenido 
337 |a sin mediación  |b n  |2 rdamedio 
338 |a volumen  |b nc  |2 rdasoporte 
440 0 |a (Le sociologue ;  |n 2). 
649 |a XX 
650 |a Weber, Max 
650 |a Sociología 
910 |a Fondo Centro de Estudios Educativos 
920 |a Impresos - Libros 
930 |a Fondos Especiales 
905 |a 133 
901 |a ALE047992  |b IT2  |c CEE  |u 20250521 
902 |a https://opac.biblio.iteso.mx/vufind/Record/000497363